TH-SOF-1208-ENGG-DUAL NETWORK E PAYMENT PROTOCOL MODEL WITH TWO STEP AUTHENTICATION AND ESCROW SYSTEMS (Record no. 577097)
[ view plain ]
| 000 -LEADER | |
|---|---|
| fixed length control field | 00460nam a22001577a 4500 |
| 003 - CONTROL NUMBER IDENTIFIER | |
| control field | NUST |
| 038 ## - RECORD CONTENT LICENSOR | |
| Staff Name | . |
| 082 ## - DEWEY DECIMAL CLASSIFICATION NUMBER | |
| Classification number | 200 THE |
| 100 ## - MAIN ENTRY--PERSONAL NAME | |
| Personal name | M Shahzad Khan |
| 9 (RLIN) | 85086 |
| 110 ## - MAIN ENTRY--CORPORATE NAME | |
| Corporate name or jurisdiction name as entry element | Supervisor Dr. SHOAB AHMED KHAN |
| 9 (RLIN) | 85087 |
| 245 ## - TITLE STATEMENT | |
| Title | TH-SOF-1208-ENGG-DUAL NETWORK E PAYMENT PROTOCOL MODEL WITH TWO STEP AUTHENTICATION AND ESCROW SYSTEMS |
| 260 ## - PUBLICATION, DISTRIBUTION, ETC. | |
| Place of publication, distribution, etc. | Islamabad |
| Name of publisher, distributor, etc. | NUST College of EME |
| Date of publication, distribution, etc. | 2015. |
| 563 ## - BINDING INFORMATION | |
| Binding note | . |
| 650 ## - SUBJECT ADDED ENTRY--TOPICAL TERM | |
| Topical term or geographic name entry element | MS-CSE-11 |
| 9 (RLIN) | 85088 |
| 942 ## - ADDED ENTRY ELEMENTS (KOHA) | |
| Koha item type | Thesis |
| Source of classification or shelving scheme | |
| Withdrawn status | Lost status | Source of classification or shelving scheme | Damaged status | Not for loan | Permanent Location | Current Location | Shelving location | Date acquired | Full call number | Barcode | Date last seen | Price effective from | Koha item type |
|---|---|---|---|---|---|---|---|---|---|---|---|---|---|
| College of Electrical & Mechanical Engineering (CEME) | College of Electrical & Mechanical Engineering (CEME) | Thesis | 11/18/2019 | 200 THE | TH-SOF-1208 | 06/28/2021 | 06/28/2021 | Reference |
